000 00373nam a2200133Ia 4500
005 20260328101531.0
008 260328s9999||||xx |||||||||||||| ||und||
100 _aGómez-Palacio, Bryony
245 0 _aWomen of Design :
_binfluence and inspiration from the /
_cBryony Gómez-Palacio
260 _bHow Books
300 _a246 p.
650 _aDISEÑO INDUSTRIAL
942 _cBK
999 _c9989
_d9989